| 000 | 01124nam a2200349 i 4500 | ||
|---|---|---|---|
| 001 | 6010 | ||
| 003 | KOSZ 005 | ||
| 005 | 20190930083349.0 | ||
| 008 | s1993 pl f f |000 0 pol | ||
| 040 |
_cKOSZ 005 _aKOSZ 005 _dKOSZ 005/EG |
||
| 041 | _apol | ||
| 046 | _k1993 | ||
| 080 | _a330.101.541 | ||
| 080 | _a(075.8) | ||
| 245 | 1 | 0 |
_aMakroekonomia : _bpraca zbiorowa / _cpod red. Władysława Balickiego. |
| 260 |
_aWarszawa : _b"AND...", _c1993. |
||
| 300 |
_a402 s., [3] s. tabl. : _b21 cm. |
||
| 336 |
_2rdacontent _aTekst _btxt |
||
| 337 |
_2rdamedia _aBez urządzenia pośredniczącego _bn |
||
| 338 |
_2rdacarrier _aWolumin _bnc |
||
| 380 | _aKsiążki | ||
| 380 | _aPublikacje dydaktyczne | ||
| 385 |
_mPoziom nauczania _aSzkoły wyższe |
||
| 388 | _a1901-2000 | ||
| 388 | _a1989-2000 | ||
| 650 | 7 | _aMakroekonomia | |
| 655 | _aPodręczniki akademickie | ||
| 658 | _aGospodarka, ekonomia, finanse | ||
| 700 | 1 |
_aBalicki, Władysław _d(1941- ) _eRedakcja |
|
| 856 |
_uhttp://koha.tu.koszalin.pl/cgi-bin/koha/opac-detail.pl?biblionumber=6010 _yKatalog online BPK |
||
| 942 |
_cKS _2UKD |
||
| 999 |
_c6010 _d6010 |
||